| 000 | 01056nam a22002537a 4500 | ||
|---|---|---|---|
| 001 | EIF-VII-2009-M2-005 | ||
| 003 | OSt | ||
| 005 | 20221219102815.0 | ||
| 008 | 221219b |||||||| |||| 00| 0 eng d | ||
| 040 |
_aFundación Jesús Pereda _cFundación Jesús Pereda |
||
| 041 | _aCastellano | ||
| 100 |
_uUniversidad de Vigo _aRodríguez Gallardo, Ángel _9555 |
||
| 111 |
_aEncuentro de Investigadores del Franquismo _c(Santiago de Compostela. _d2009. _n7º) _999 |
||
| 245 |
_aPor sus interrogatorios y cartas los conoceréis _c/Ángel Rodríguez Gallardo y María Victoria Martínez Rodríguez |
||
| 650 | 0 |
_9255 _aMovimientos migratorios |
|
| 650 | 0 |
_9558 _aFronteras |
|
| 650 | 0 |
_9156 _aClandestinidad |
|
| 650 | 0 |
_96 _aFranquismo |
|
| 651 | 0 |
_9559 _aPortugal |
|
| 700 |
_uUniversidad de Vigo _aMartínez Rodríguez, María Victoria _9556 |
||
| 773 |
_tActas del VII Encuentro de Investigadores del Franquismo _g126-137 p. |
||
| 856 | _uhttps://bibliotecaccoocyl.fundacionjesuspereda.es/cgi-bin/koha/opac-retrieve-file.pl?id=7a66cec01463dca7d238b0197921fd6e | ||
| 942 |
_2ddc _cCF _n0 |
||
| 999 |
_c371 _d371 |
||